<?xml version="1.0" encoding="UTF-8"?><?xml-stylesheet type="text/xsl" href="static/style.xsl"?><OAI-PMH xmlns="http://www.openarchives.org/OAI/2.0/" xmlns:xsi="http://www.w3.org/2001/XMLSchema-instance" xsi:schemaLocation="http://www.openarchives.org/OAI/2.0/ http://www.openarchives.org/OAI/2.0/OAI-PMH.xsd"><responseDate>2026-06-02T11:50:17Z</responseDate><request verb="GetRecord" identifier="oai:riuma.uma.es:10630/20882" metadataPrefix="marc">https://riuma.uma.es/rest/oai/request</request><GetRecord><record><header><identifier>oai:riuma.uma.es:10630/20882</identifier><datestamp>2026-02-03T10:23:20Z</datestamp><setSpec>com_10630_1685</setSpec><setSpec>col_10630_38055</setSpec></header><metadata><record xmlns="http://www.loc.gov/MARC21/slim" xmlns:dcterms="http://purl.org/dc/terms/" xmlns:doc="http://www.lyncode.com/xoai" xmlns:xsi="http://www.w3.org/2001/XMLSchema-instance" xsi:schemaLocation="http://www.loc.gov/MARC21/slim http://www.loc.gov/standards/marcxml/schema/MARC21slim.xsd">
   <leader>00925njm 22002777a 4500</leader>
   <datafield ind2=" " ind1=" " tag="042">
      <subfield code="a">dc</subfield>
   </datafield>
   <datafield ind2=" " ind1=" " tag="720">
      <subfield code="a">Ruiz Diéguez, Lydia</subfield>
      <subfield code="e">author</subfield>
   </datafield>
   <datafield ind2=" " ind1=" " tag="260">
      <subfield code="c">2021-01-29</subfield>
   </datafield>
   <datafield ind2=" " ind1=" " tag="520">
      <subfield code="a">Este proyecto hace referencia a la creación y producción de una novela gráfica de invención propia, en la cuál se narra a través de dos capítulos el comienzo de la historia sobre una guerra entre diferentes razas, donde se tratan conceptos como la ambición, el deseo de poder, la grandeza, la disyuntiva entre el bien y el mal, la aventura y el engaño. Así pues, la protagonista deberá participar en la guerra, mientras que a su vez, averiguará la verdadera identidad de sus orígenes, y desenmascará a quien es su enemigo.&#xd;
En este proyecto se desarrollará los diferentes apectos en cuanto a la creación y escritura de la historia, abarcando las pautas correspondientes en cuanto a su redacción, díálogos, ritmo narrativo, seguido del diseño de personajes. Además de ello es perceptible una influencia directa del estilo del manga, aunque se mantiene la personalidad propia del autor en el proyecto.</subfield>
   </datafield>
   <datafield ind1="8" ind2=" " tag="024">
      <subfield code="a">https://hdl.handle.net/10630/20882</subfield>
   </datafield>
   <datafield tag="653" ind2=" " ind1=" ">
      <subfield code="a">Bellas Artes - Trabajos Fin de Grado</subfield>
   </datafield>
   <datafield tag="653" ind2=" " ind1=" ">
      <subfield code="a">Grado en Bellas Artes - Trabajos Fin de Grado</subfield>
   </datafield>
   <datafield tag="653" ind2=" " ind1=" ">
      <subfield code="a">Arte</subfield>
   </datafield>
   <datafield tag="653" ind2=" " ind1=" ">
      <subfield code="a">Cómics</subfield>
   </datafield>
   <datafield ind2="0" ind1="0" tag="245">
      <subfield code="a">Demon eyes: novela gáfica</subfield>
   </datafield>
</record>
</metadata></record></GetRecord></OAI-PMH>